| 000 | 00960cam a2200205 4500 | ||
|---|---|---|---|
| 001 | ABS60746 | ||
| 008 | 000000n1999 000 0 eng u | ||
| 035 | _a(Sirsi) u101236 | ||
| 100 | _aSams, G. | ||
| 245 | _aLaw briefing: compulsory purchase and compensation. | ||
| 260 | _c1999 | ||
| 490 |
_aJournal of Property Investment and Finance _v17(3) 301-313(13) |
||
| 520 | _aHighlights areas of the law on compensation and compulsory purchase which the author feels are unsatisfactory, and which he suggests should form part of the DETR's review of compensation provisions. Covers severance and the land taken, planning assumptions, delay and fees. Quotes examples of cases showing the problems and suggests solutions. | ||
| 650 | _aSEVERANCE | ||
| 650 | _aFEES | ||
| 650 |
_aValuation _96273 |
||
| 650 | _aPLANNING ASSUMPTIONS | ||
| 690 | _aENVIRONMENTAL AND LAND CONSULTANCY-PLANNING AND DEVELOPMENT-COMPULSORY PURCHASE AND COMPENSATION | ||
| 942 | _n0 | ||
| 999 |
_c60390 _d60390 |
||